000 00303nam a22001337a 4500
008 180315b xxu||||| |||| 00| 0 eng d
020 _a9781414401751
041 _aeng
080 _a33
100 _a57
101 _aBEN
245 _aDevelopment of the industrial U.S.
_cBenson,S.G
942 _2udc
_cBK
999 _c45090
_d45090